| 000 | 00539nam a2200193Ia 4500 | ||
|---|---|---|---|
| 005 | 20250319070412.0 | ||
| 008 | 240331s9999 xx 000 0 und d | ||
| 020 | _a0070198462 | ||
| 082 |
_a302.23 _bEWE _23939 |
||
| 100 | _aEwen, S | ||
| 245 | 0 |
_aCaptains of Consciousness: _bAdvertising and the Social Roots of the Consumer Culture |
|
| 260 |
_aNew York, _bMcGraw-Hill Book Company _c1976 |
||
| 300 | _ax, 261 p., | ||
| 650 | _aConsumption | ||
| 650 | _aIndustrialization | ||
| 650 | _aSociety | ||
| 650 | _aMass Culture | ||
| 942 | _cL | ||
| 999 |
_c1119 _d1119 |
||